Mathematics for the social and behavioral sciences : (Record no. 72002)
[ view plain ]
| 000 -LEADER | |
|---|---|
| fixed length control field | 01139nam a2200373 a 4500 |
| 001 - CONTROL NUMBER | |
| control field | vtls000068374 |
| 003 - CONTROL NUMBER IDENTIFIER | |
| control field | NLI |
| 005 - DATE AND TIME OF LATEST TRANSACTION | |
| control field | 20210601192629.0 |
| 008 - FIXED-LENGTH DATA ELEMENTS--GENERAL INFORMATION | |
| fixed length control field | 101125s1969 pauad s 001 0 eng |
| 020 ## - INTERNATIONAL STANDARD BOOK NUMBER | |
| Terms of availability | USD 8.75 |
| 039 #9 - LEVEL OF BIBLIOGRAPHIC CONTROL AND CODING DETAIL [OBSOLETE] | |
| -- | 201011250707 |
| -- | VLOAD |
| 040 ## - CATALOGING SOURCE | |
| Original cataloging agency | NLI |
| Language of cataloging | eng |
| Transcribing agency | VTLS |
| Description conventions | AACR2 |
| 041 0# - LANGUAGE CODE | |
| Language code of text/sound track or separate title | eng |
| 044 ## - COUNTRY OF PUBLISHING/PRODUCING ENTITY CODE | |
| MARC country code | pau |
| 082 04 - DEWEY DECIMAL CLASSIFICATION NUMBER | |
| Classification number | 510.243 |
| 100 1# - MAIN ENTRY--PERSONAL NAME | |
| Personal name | Gelbaum, Bernard R. |
| 9 (RLIN) | 159675 |
| 245 10 - TITLE STATEMENT | |
| Title | Mathematics for the social and behavioral sciences : |
| Remainder of title | probability, calculus and statistics / |
| Statement of responsibility, etc. | Bernard R. Gelbaum and James G. March |
| 260 ## - PUBLICATION, DISTRIBUTION, ETC. | |
| Place of publication, distribution, etc. | Philadelphia : |
| Name of publisher, distributor, etc. | W. B. Saunders, |
| Date of publication, distribution, etc. | 1969 |
| 300 ## - PHYSICAL DESCRIPTION | |
| Extent | xii, 337 p. : |
| Other physical details | ill., charts ; |
| Dimensions | 24 cm. |
| 500 ## - GENERAL NOTE | |
| General note | Includes index |
| 504 ## - BIBLIOGRAPHY, ETC. NOTE | |
| Bibliography, etc. note | Bibliography: p. 333-334 |
| 650 #0 - SUBJECT ADDED ENTRY--TOPICAL TERM | |
| Topical term or geographic name entry element | Mathematics |
| 9 (RLIN) | 1025 |
| 650 #0 - SUBJECT ADDED ENTRY--TOPICAL TERM | |
| Topical term or geographic name entry element | Social sciences |
| General subdivision | Methodology |
| 9 (RLIN) | 71746 |
| 650 #0 - SUBJECT ADDED ENTRY--TOPICAL TERM | |
| Topical term or geographic name entry element | Calculus |
| 9 (RLIN) | 2413 |
| 650 #0 - SUBJECT ADDED ENTRY--TOPICAL TERM | |
| Topical term or geographic name entry element | Statistics |
| 9 (RLIN) | 186 |
| 700 1# - ADDED ENTRY--PERSONAL NAME | |
| Personal name | March, James G., |
| Relationship | jt. aut |
| 9 (RLIN) | 64822 |
| 887 ## - NON-MARC INFORMATION FIELD | |
| Content of non-MARC field | sunita |
| 901 ## - LOCAL DATA ELEMENT A, LDA (RLIN) | |
| a | 395080 |
| b | 10.03.1970 |
| 902 ## - LOCAL DATA ELEMENT B, LDB (RLIN) | |
| a | E510.243 G28 |
| 905 ## - LOCAL DATA ELEMENT E, LDE (RLIN) | |
| a | sunita |
| 906 ## - LOCAL DATA ELEMENT F, LDF (RLIN) | |
| a | 0005781 |
| 949 ## - LOCAL PROCESSING INFORMATION (OCLC) | |
| -- | VIRTUAITEM |
| -- | 10000 |
| -- | 100 |
| 6 | PUR000395080ENG |
| 942 ## - ADDED ENTRY ELEMENTS (KOHA) | |
| Source of classification or shelving scheme | Dewey Decimal Classification |
| Koha item type | Books |
| Withdrawn status | Lost status | Damaged status | Not for loan | Collection code | Home library | Current library | Shelving location | Date acquired | Total Checkouts | Full call number | Barcode | Date last seen | Price effective from | Koha item type |
|---|---|---|---|---|---|---|---|---|---|---|---|---|---|---|
| New English | National Library of India | National Library of India | New English - Main Stack Division | E510.243 G28 | PUR000395080ENG | 01/06/2021 | 01/06/2021 | Books |
